00335pab a2200121 454500008004000000100002300040245005700063260000900120300001500129362001200144650002400156773003300180180718b2013 xxu||||| |||| 00| 0 eng d aStauton, Thomas H. aRisk management is essential at a time of downsizing c2013 ap.219-220. aMar-Apr aDisaster prevention aPublic Administration Review